000 00377nam a22001217a 4500
003 SGT
082 _a301.2
_bR17H
100 _aहोसबाले, दत्तात्रेय
245 _aराष्ट्र की लोकाभिव्यक्ति
260 _bलोकमंथन आयोजन समिति
_c2017
300 _a269
942 _2ddc
_cBK
999 _c29343
_d29343